000 00807nam a2200265 i 4500
001 58633
003 ES-MaACL
005 20260424183902.0
007 t|
008 031023s1985 sp |||| | spa d
020 _a84-86311-17-9
100 1 _aDurrell, Lawrence,
_d1912-1990
_946321
245 1 0 _aSebastian o El dominio de las pasiones /
_cLawrence Durrell ; traducción de Marcelo Cohen.
250 _a1ª ed.
260 _aBarcelona :
_bVersal,
_c1985.
300 _a206 p. ;
_c22 cm.
490 1 _aEl quinteto de Avignon
490 1 _aBiblioteca del corondel
700 1 _aCohen, Marcelo.
_939506
740 3 2 _aEl dominio de las pasiones.
830 0 _aEl quinteto de Avignon
_9230481
830 0 _aBiblioteca del corondel
_9178070
852 _aES-MaACL
_jL-10048
999 _c58633
_d58633